|
|
|
|
| LEADER |
00000nam a2200000 a 4500 |
| 001 |
vtls001435985 |
| 003 |
SK-MaSNL |
| 005 |
20260301121054.0 |
| 008 |
240314s2001 xo 0 und |
| 035 |
|
|
|a SNK000391078
|
| 040 |
|
|
|a SNK
|b slo
|c SNK
|e AACR2
|
| 044 |
|
|
|a xo
|c SK
|
| 100 |
1 |
|
|a Fielden, Krystyna
|4 aut
|9 464639
|
| 245 |
1 |
0 |
|a Tableta dispergovateľná vo vode a spôsob jej prípravy. A61K 9/20
|
| 260 |
|
|
|a Banská Bystrica
|b Úrad priemyselného vlastníctva SR
|c 2001
|
| 300 |
|
|
|a 10 s.
|
| 999 |
|
|
|c 728049
|d 729979
|
| 952 |
|
|
|t P60, <04>, [BOOK], {604}
|a SNK
|b SNK
|y VYP
|7 0
|p 17A0347173
|o snkSK 282071
|i snkPS 390/2002
|0 0
|1 0
|4 0
|d 2002-06-10
|l 0
|r 2005-01-02 00:00:00
|w 2026-02-23
|